000 01030nam a22002894aa4500
003 BOFEUTO
005 20260512142559.0
008 t2024 bo gr 000 f spa d
040 _6BOFEUTO
_aBOFEUTO
_cBOFEUTO
041 _aspa
044 _abo
082 _aTE6293
_bH874
100 _aHuayta Mamani, Estefany
_eautor
245 _aEstrategias de marketing industrial para la Ferretería Nuestra Señora del Socavón de la ciudad de Oruro .
_cEstefany Huayta Mamani
260 _aOruro :
_bs/n ;
_c2024 .
300 _a120 hojas :
_bgráf, tab .;
_c28.5 cm.
500 _aIncluye bibliografía, anexos.
502 _aTesis Dirigida, (Licenciatura) -- Universidad Técnica de Oruro, Facultad de Ciencias Económicas, Financieras y Administrativas, Carrera Administración de Empresas, 2024.
650 _aMarketing Idustrial
653 _aDesempeño
653 _aMarketing
653 _aPlazo
653 _aDesafío
653 _aMercado
700 _aGutiérrez Ledesma, Claudia
_etutor
942 _2ddc
_cTE
_n0
999 _c16145
_d16145